Teória a prax odpisov z investičného majetku. 3 Niektoré metódy výpočtu odpisov používané vo svete

50. roky - rozšírenie metód zrýchlenej amortizácie vo vyspelých krajinách (začali sa používať cez vojnu). Príčiny: nevyhnutnosť rýchleho investovania do rekonštrukcie a obnovy zničeného fixného kapitálu, neskôr rastúce tempo technického pokroku, rýchle opotrebovanie, automatizácia a zosilnenie inflá...

Ausführliche Beschreibung

Gespeichert in:
Bibliographische Detailangaben
1. Verfasser: Sivák, Rudolf, 1955-
Format: Buchkapitel
Sprache:Slowakisch
Schlagworte:
Tags: Tag hinzufügen
Keine Tags, Fügen Sie das erste Tag hinzu!

MARC

LEADER 00000naa a2200000 4500
001 r016628
005 20240502071326.9
041 0 |a slo 
044 |a SK 
245 1 0 |a Teória a prax odpisov z investičného majetku. 3  |b Niektoré metódy výpočtu odpisov používané vo svete  |c Rudolf Sivák 
520 |a 50. roky - rozšírenie metód zrýchlenej amortizácie vo vyspelých krajinách (začali sa používať cez vojnu). Príčiny: nevyhnutnosť rýchleho investovania do rekonštrukcie a obnovy zničeného fixného kapitálu, neskôr rastúce tempo technického pokroku, rýchle opotrebovanie, automatizácia a zosilnenie inflácie. Tri spôsoby zrýchleného odpisovania - skrátenie životnosti, skoncentrovanie odpisov do prvých rokov používania fixného kapitálu, systém doplnkových odpisov. 
610 2 0 |a odpisy 
610 2 0 |a majetok investičný 
610 2 0 |a metodika 
610 2 0 |a kapitál fixný 
610 2 0 |a západná Európa 
610 2 0 |a USA 
610 2 0 |a Nemecko 
610 2 0 |a Holandsko 
610 2 0 |a Japonsko 
100 1 |a Sivák, Rudolf, 1955-